Pokémons Serpents - Statistiques

Statistiques générales
  • Ce quiz a été pris 72 fois
    67 depuis la dernière actualisation
  • Le résultat moyen est 8 sur 12
Statistiques - réponses
Hint Réponse % Correct
Gen 1 Abo
98%
Gen 1 Arbok
98%
Gen 3 Séviper
97%
Gen 8 Dunaja
69%
Gen 8 Dunaconda
68%
Gen 1 Draco
64%
Gen 5 Majaspic
64%
Gen 1 Minidraco
64%
Gen 1 Onix
49%
Gen 1 Steelix
46%
Gen 6 Zygarde
37%
Gen 3 Milobellus
34%
Aucun quiz correspondant
Distribution des résultats
% des personnes avec chaque résultat
Percentile par nombre de réponses
Votre historique - résultats
Vous n’avez pas pris ce quiz depuis la dernière actualisation